00225nam a2200085Ia 450000100070000000500170000700800410002424500470006526000270011272022420250826163227.0250824s9999 xx 000 0 und d 0aMACERA GEÇİDİcTUNCEL ALTINKÖPRÜ bGENÇ HAYAT YAYINLARI